|
|
|
|
| LEADER |
00000nam a2200000Ii 4500 |
| 001 |
DIGAUHUM0115 |
| 003 |
NyNyDIG |
| 006 |
m o d |
| 007 |
cr ||||||||||| |
| 008 |
260205s2022 ck o ob 000 0 spa d |
| 035 |
|
|
|a (OCoLC)1573182289
|
| 040 |
|
|
|a DGITA
|b eng
|e rda
|e pn
|c DGITA
|
| 020 |
|
|
|a 9789585196612
|q (versión digital)
|
| 020 |
|
|
|z 9789585196605
|q (versión impresa)
|
| 043 |
|
|
|a s-ck---
|
| 050 |
1 |
4 |
|a HD87 ebook
|
| 100 |
1 |
|
|a Baloco Tapia, Isaias Isaac,
|e author.
|
| 245 |
1 |
0 |
|a Tensiones y distensiones en la educación rural de Guaviare /
|c Isaias Isaac Baloco Tapia, Rosa Ineida Parra, Alejandra Rendón.
|
| 264 |
|
1 |
|a Bogotá, Colombia :
|b Editorial Aula de Humanidades,
|c 2022.
|
| 300 |
|
|
|a 1 online resource :
|b photographs.
|
| 336 |
|
|
|a text
|b txt
|2 rdacontent
|
| 337 |
|
|
|a computer
|b c
|2 rdamedia
|
| 338 |
|
|
|a online resource
|b cr
|2 rdacarrier
|
| 347 |
|
|
|a text file
|2 rdaft
|
| 347 |
|
|
|b PDF
|
| 490 |
1 |
|
|a Colección: Investigar en el aula. Red lenguaje: Experiencias pedagógicas
|
| 504 |
|
|
|a Includes bibliographical references.
|
| 588 |
0 |
|
|a Online resource; title from PDF title page (Digitalia, viewed February 5, 2026)
|
| 650 |
|
0 |
|a Education, Rural
|z Colombia.
|
| 650 |
|
0 |
|a Education, Rural
|x Social aspects
|z Colombia.
|
| 700 |
1 |
|
|a Parra, Rosa Ineida,
|e author.
|
| 700 |
1 |
|
|a Rendón, Alejandra,
|e author.
|
| 791 |
2 |
|
|a Digitalia (Firm),
|e distributor.
|
| 793 |
0 |
|
|g Digitalia eBook Collection:
|a Editorial Aula de Humanidades
|
| 776 |
0 |
8 |
|i Print version:
|a Baloco Tapia, Isaias Isaac.
|t Tensiones y distensiones en la educación rural de Guaviare.
|d Bogotá, Colombia : Editorial Aula de Humanidades, 2022
|z 9789585196605
|
| 830 |
|
0 |
|a Colección Investigar en el aula (Editorial Aula de Humanidades).
|p Red lenguaje Experiencias pedagógicas.
|
| 856 |
4 |
0 |
|3 Digitalia Hispánica
|u https://www.digitaliapublishing.com/a/183715/
|
| 910 |
|
|
|a Premium collection: 2026
|